00226nam a2200097Ia 4500008004100000082001400041100001600055245003100071260001300102600001300115241002s9999 xx 000 0 und d a297.1 SHA aShaban, M.A 0aIslamic History AD 600 700 aN/AcN/A aReligion